000 00239 a2200097 4500
999 _c173080
_d173080
003 Nust
005 20170118120516.0
008 170118b xxu||||| |||| 00| 0 eng d
040 _aS3H
_c0
082 _a337
100 _aJoseph E. Stiglitz
245 _aGlobalization and its Discontents
260 _aPenguin Books
_bLondon
_c2002
300 _a288p
942 _cBK
_k337 STI
_2ddc